LEADER 01160nam a2200241 4500 001 000000339405 003 CaOOAMICUS 005 20200212145958.0 008 200212s1880 it a 000 u ita r 040 $aSeMil$bita 100 11$aFiguier, Louis,$d<1819-1894>.$0(OLS)http://semarc/name/22737 245 03$aIl sapone, il sale, il solfo, le sode e le potasse, l'acido solforico /$cdi Luigi Figuier ; traduzione autorizzata dall'autore, con numerose aggiunte per la parte italiana. 264 1$aMilano :$bFratelli Treves,$c1880. 300 $a292 p. :$bill. (b/n) ;$c29 cm 650 4$aSale.$0(OLS)http://semarc/subject/9747 650 4$aZolfo.$0(OLS)http://semarc/subject/9749 650 4$aSapone.$0(OLS)http://semarc/subject/9748 830 0$aMeraviglie dell'industria.$0(OLS)http://semarc/title/428221 850 $aSeMil 852 $aSeMil$W1$xVenegono$y1$m3XD VI 2 FA$j218580$B230501$CSeMilBibl$Z2$F230501 $8I 996 $6245$aIl sapone, il sale, il solfo, le sode e le potasse, l'acido solforico$9(OLS)http://semarc/title/68126 996 $6264$aMilano :$bFratelli Treves$9(OLS)http://semarc/publisher/30212 LEADER 01459nam a2200289 i 4500 001 000000026787 003 CaOOAMICUS 005 20180830125447.0 008 180830s1958 fr u000 u und u 040 $aSeMil$bita 100 1 $aSchreibmayer, Franz.$0(OLS)http://semarc/name/1086 240 10$aHandubch zum katholischen katechismus.$0(OLS)http://semarc/title/401896 240 10$aManuel a l'usage des catéchistes employant le catéchisme biblique.$0(OLS)http://semarc/title/2014 245 10$aManuel du catéchisme biblique /$cpar Franz Schreibmayer et Klemens Tilmann ; avec la collaboration de Hubert Fischer ... [et al.] ; traduit de l'allemand par Madeleine Cé. 260 $aParis :$bLes Éditions du Cerf,$c1958. 300 $a3 v. (in vari tomi) ;$c23 cm. 650 4$aCatechesi biblica.$0(OLS)http://semarc/subject/4284 700 1 $aCé, Madeleine.$0(OLS)http://semarc/name/12131 700 1 $aFischer, Hubert.$0(OLS)http://semarc/name/12130 700 1 $aTilmann, Klemens.$0(OLS)http://semarc/name/1085 774 0 $tVie selon les commandements de Dieu.$gtome 3.$w()3384 774 0 $tDieu et notre Rédemption.$gtome 1.$w()26788 774 0 $tQuestions 1 à 21.$gTome1$w()61489 774 0 $tLeçons 91 à 113.$gTome3$w()62358 774 0 $tLeçons 22 à 44.$gTome1$w()76443 996 $6245$aManuel du catéchisme biblique$9(OLS)http://semarc/title/36190 996 $6260$aParis :$bLes Éditions du Cerf$9(OLS)http://semarc/publisher/29611